| 000 | 00661nam a2200205 u 4500 | ||
|---|---|---|---|
| 005 | 20241211063736.0 | ||
| 008 | 171018s1982 r 000 0 eng d | ||
| 020 | _a9685804109 | ||
| 035 | _aUPN01000221114 | ||
| 049 | _aCG | ||
| 050 | 4 |
_aLB2331 _bB3.3 |
|
| 100 | 1 |
_aBarojas Weber, Jorge Rafael, _d1940- _940773 |
|
| 245 | 1 | 3 |
_aLa enseñanza como vínculo entre la investigación y la extensión universitaria / _cJorge Barojas Weber. |
| 260 |
_aMéxico : _bUNAM, _c1982. |
||
| 300 | _a93 p. | ||
| 440 | 0 | _aCuadernos de extensión universitaria | |
| 650 | 4 |
_aEnseñanza universitaria _913570 |
|
| 650 | 4 |
_aExtensión universitaria _919188 |
|
| 905 | _aLibro | ||
| 999 |
_c193213 _d193213 |
||